000 01077nam a22002777a 4500
001 BRCA_9318
003 FranzMayer
005 20230918115727.0
008 230816b |||||||| |||| 00| 0 eng d
020 _a9703107788
040 _aMFM
_besp
_cMFM
050 0 _aN3150
_bP33 2006
100 1 _4Autor
_aPaciorek, Barbara
_929066
240 _aCartel contemporáneo polaco 1945-2006
_lespañol
245 0 _aCartel contemporáneo polaco 1945-2006
260 _aMéxico
_bUniversidad Autónoma Metropolitana
_c2006
300 _a174 p
_bIlustraciones a color
_c30 cm
500 _aAnexo 1
505 _aTexto en: españolBibliografía: 173-174Incluye índice temáticoDirigido a: artistas, historiadores, diseñadores gráficos
610 _aEmbajada de la Republica de Polonia en México
_929067
650 1 _2Artes visuales
_aArte urbano
_vHistoria del arte
_929068
651 2 _2Arte Europeo
_aPolonia
_vArte contemporáneo
_929069
700 _4Corr.
_aArroyo Urióstegui, Ana Julia
_929070
700 1 _4Dis.
_aAguilar Sánchez, Liliana
_929071
942 _2lcc
_cB
999 _c10940
_d10940